El Régimen Cooperativo / (Registro nro. 7793)
[ vista simple ]
| 000 -LEADER | |
|---|---|
| fixed length control field | 00998nam a2200217Ia 4500 |
| 003 - CONTROL NUMBER IDENTIFIER | |
| control field | OSt |
| 005 - DATE AND TIME OF LATEST TRANSACTION | |
| control field | 20210518092256.0 |
| 008 - FIXED-LENGTH DATA ELEMENTS--GENERAL INFORMATION | |
| fixed length control field | 210310s1959 sp fr 000 0 spa d |
| 040 ## - CATALOGING SOURCE | |
| Original cataloging agency | CO-JMCR |
| Transcribing agency | CO-JMCR |
| 041 0# - LANGUAGE CODE | |
| Language code of text/sound track or separate title | spa |
| 082 04 - DEWEY DECIMAL CLASSIFICATION NUMBER | |
| Classification number | 334 / |
| Item number | C413r |
| Edition number | 23 |
| 100 1# - MAIN ENTRY--PERSONAL NAME | |
| Personal name | Cerdá Richart, Baldomero, |
| 9 (RLIN) | 15475 |
| Relator term | autor |
| 245 13 - TITLE STATEMENT | |
| Title | El Régimen Cooperativo / |
| Statement of responsibility, etc. | Baldomero Cerdá Richart |
| 260 ## - PUBLICATION, DISTRIBUTION, ETC. | |
| Place of publication, distribution, etc. | Barcelona : |
| Name of publisher, distributor, etc. | Bosch, |
| Date of publication, distribution, etc. | 1959 |
| 300 ## - PHYSICAL DESCRIPTION | |
| Extent | 6 volúmenes ; |
| Dimensions | 22 cm. |
| 505 0# - FORMATTED CONTENTS NOTE | |
| Miscellaneous information | V.1. |
| Title | Doctrina e historia de la cooperación |
| Miscellaneous information | V.2. |
| Title | La cooperación en general |
| Miscellaneous information | V.3. |
| Title | Las sociedades cooperativas en particular |
| Miscellaneous information | V.4. |
| Title | Formularios de documentos cooperativos |
| Miscellaneous information | V.5. |
| Title | Administración y contabilidad de las sociedades cooperativas |
| Miscellaneous information | V.6. |
| Title | Régimen jurídico, tributario y de previsión social de las Sociedades Cooperativas |
| 650 14 - SUBJECT ADDED ENTRY--TOPICAL TERM | |
| Topical term or geographic name entry element | Cooperativas |
| 9 (RLIN) | 15477 |
| General subdivision | Derecho |
| Geographic subdivision | España |
| 650 24 - SUBJECT ADDED ENTRY--TOPICAL TERM | |
| Topical term or geographic name entry element | Cooperativas |
| General subdivision | Contabilidad |
| Geographic subdivision | España |
| 9 (RLIN) | 37660 |
| 650 24 - SUBJECT ADDED ENTRY--TOPICAL TERM | |
| Topical term or geographic name entry element | Cooperativas |
| General subdivision | Administración |
| Geographic subdivision | España |
| 9 (RLIN) | 37661 |
| 942 ## - ADDED ENTRY ELEMENTS (KOHA) | |
| Source of classification or shelving scheme | Dewey Decimal Classification |
| Koha item type | Books |
| Withdrawn status | Lost status | Source of classification or shelving scheme | Damaged status | Not for loan | Collection code | Home library | Current library | Date acquired | Source of acquisition | Full call number | Barcode | Date last seen | Copy number | Koha item type | Total Checkouts | Price effective from |
|---|---|---|---|---|---|---|---|---|---|---|---|---|---|---|---|---|
| Dewey Decimal Classification | Non-fiction | Biblioteca Pública José María del Castillo y Rada | Biblioteca Pública José María del Castillo y Rada | 04/15/2018 | Donación | 334 / C413r | 430003700 | 05/16/2024 | V.1 / Ej.1 | Books | ||||||
| Dewey Decimal Classification | Non-fiction | Biblioteca Pública José María del Castillo y Rada | Biblioteca Pública José María del Castillo y Rada | 04/15/2018 | Donación | 334 / C413r | 430003701 | 05/16/2024 | V.2 / Ej.1 | Books | 05/18/2021 | |||||
| Dewey Decimal Classification | Non-fiction | Biblioteca Pública José María del Castillo y Rada | Biblioteca Pública José María del Castillo y Rada | 04/15/2018 | Donación | 334 / C413r | 430003702 | 05/16/2024 | V.3 / Ej.1 | Books | 05/18/2021 | |||||
| Dewey Decimal Classification | Non-fiction | Biblioteca Pública José María del Castillo y Rada | Biblioteca Pública José María del Castillo y Rada | 04/15/2018 | Donación | 334 / C413r | 430003703 | 05/16/2024 | V.4 / Ej.1 | Books | 05/18/2021 | |||||
| Dewey Decimal Classification | Non-fiction | Biblioteca Pública José María del Castillo y Rada | Biblioteca Pública José María del Castillo y Rada | 04/15/2018 | Donación | 334 / C413r | 430003704 | 05/16/2024 | V.5 / Ej.1 | Books | 05/18/2021 | |||||
| Dewey Decimal Classification | Non-fiction | Biblioteca Pública José María del Castillo y Rada | Biblioteca Pública José María del Castillo y Rada | 04/15/2018 | Donación | 334 / C413r | 430003705 | 05/16/2024 | V.6 / Ej.1 | Books | 05/18/2021 |